<?xml version="1.0" encoding="UTF-8"?><?xml-stylesheet type="text/xsl" href="static/style.xsl"?><OAI-PMH xmlns="http://www.openarchives.org/OAI/2.0/" xmlns:xsi="http://www.w3.org/2001/XMLSchema-instance" xsi:schemaLocation="http://www.openarchives.org/OAI/2.0/ http://www.openarchives.org/OAI/2.0/OAI-PMH.xsd"><responseDate>2026-04-27T19:52:02Z</responseDate><request verb="GetRecord" identifier="oai:uvadoc.uva.es:10324/2336" metadataPrefix="marc">https://uvadoc.uva.es/oai/request</request><GetRecord><record><header><identifier>oai:uvadoc.uva.es:10324/2336</identifier><datestamp>2021-06-24T07:37:29Z</datestamp><setSpec>com_10324_1908</setSpec><setSpec>com_10324_952</setSpec><setSpec>com_10324_894</setSpec><setSpec>col_10324_1909</setSpec></header><metadata><record xmlns="http://www.loc.gov/MARC21/slim" xmlns:doc="http://www.lyncode.com/xoai" xmlns:xsi="http://www.w3.org/2001/XMLSchema-instance" xmlns:dcterms="http://purl.org/dc/terms/" xsi:schemaLocation="http://www.loc.gov/MARC21/slim http://www.loc.gov/standards/marcxml/schema/MARC21slim.xsd">
<leader>00925njm 22002777a 4500</leader>
<datafield tag="042" ind1=" " ind2=" ">
<subfield code="a">dc</subfield>
</datafield>
<datafield tag="720" ind1=" " ind2=" ">
<subfield code="a">Vidal Fernández, María Begoña</subfield>
<subfield code="e">author</subfield>
</datafield>
<datafield tag="260" ind1=" " ind2=" ">
<subfield code="c">2010</subfield>
</datafield>
<datafield tag="520" ind1=" " ind2=" ">
<subfield code="a">This writing studies the International Conventions, Declarations and Treaties&#xd;
concerning the children’s situation in broken mixed marriages’ cases. It deals&#xd;
with the troubles that this break creates and with the solutions that those international&#xd;
tools facilitate. But the most important part of this work is dedicated to&#xd;
the study and analysis of the applying regulation to these cases when happened&#xd;
within the European Union territory: the Regulation number 2201/2003, also&#xd;
known as Regulation Brussels II bis.</subfield>
</datafield>
<datafield tag="024" ind2=" " ind1="8">
<subfield code="a">Revista de Estudios Europeos, 2010, 55, p. 105-134.</subfield>
</datafield>
<datafield tag="024" ind2=" " ind1="8">
<subfield code="a">1132-7170</subfield>
</datafield>
<datafield tag="024" ind2=" " ind1="8">
<subfield code="a">http://uvadoc.uva.es/handle/10324/2336</subfield>
</datafield>
<datafield tag="024" ind2=" " ind1="8">
<subfield code="a">105</subfield>
</datafield>
<datafield tag="024" ind2=" " ind1="8">
<subfield code="a">55</subfield>
</datafield>
<datafield tag="024" ind2=" " ind1="8">
<subfield code="a">134</subfield>
</datafield>
<datafield tag="024" ind2=" " ind1="8">
<subfield code="a">Revista de Estudios Europeos</subfield>
</datafield>
<datafield ind1=" " ind2=" " tag="653">
<subfield code="a">Hijos de divorciados-Derecho-Países de la Unión Europea-Legislación</subfield>
</datafield>
<datafield ind1=" " ind2=" " tag="653">
<subfield code="a">Matrimonio mixto-Derecho-Países de la Unión Europea-Legislación</subfield>
</datafield>
<datafield tag="245" ind1="0" ind2="0">
<subfield code="a">Protección jurisdiccional de los hijos en los casos de ruptura de los matrimonios mixtos: especial consideración de la regulación adoptada en el espacio europeo de libertad, seguridad y justicia</subfield>
</datafield>
</record></metadata></record></GetRecord></OAI-PMH>